Ley 8679. Una oportunidad para la incorporación del género en el desarrollo local /
Sparad:
| Huvudupphovsman: | |
|---|---|
| Materialtyp: | Text |
| Taggar: |
Lägg till en tagg
Inga taggar, Lägg till första taggen!
|
MARC
| LEADER | 00000 a a2200000 04500 | ||
|---|---|---|---|
| 001 | 44078 | ||
| 003 | |||
| 040 | |||
| 100 | |a Duarte González, Ana Virginia | ||
| 245 | |a Ley 8679. Una oportunidad para la incorporación del género en el desarrollo local / |c Ana Virginia Duarte González | ||
| 773 | |g número11 ( , 2011), páginas 33-38; fotografías | ||
| 999 | |c 30872 |d 30872 | ||
